000 01154nam a22002537a 4500
005 20170124102933.0
010 _aB-081606
020 _c300.00
_a8174872698
035 _aB-081606
037 _bCen Lib/Ret
040 _aDPL
_bHN
082 _a363.7288
_bनिशांत
100 _aनिशांत सिंह
_945613
245 _aपर्यावरण, प्रदूषण और प्लास्टिक /
_cनिशांत सिंह
246 _aParyavaran, pradooshan aur plastic /
_bby Nishant Singh
260 _bराधा पब्लिकेशन्स
_aनई दिल्ली
_c2002
270 _a4378/4 बी, अंसारी रोड, दरियागंज
_bनई दिल्ली
_e110002
300 _aviii,176पृ.
_c21सेमी (सजिल्द)
650 _aपर्यावरण -- प्रदूषण
_945614
650 _aपर्यावरण -- विभिन्न प्रकार
_9309
650 _aEnvironment -- pollution
_945615
650 _aEnvironment - Variety
_945616
942 _2ddc
_cHN
_h363.7288
_mनिशांत
999 _c112040
_d112040